| 000 | 01229cam a22003734a 4500 | ||
|---|---|---|---|
| 999 |
_c41794 _d41794 |
||
| 001 | 16614350 | ||
| 003 | OSt | ||
| 005 | 20221109140746.0 | ||
| 008 | 110114s2011 njua 001 0 eng | ||
| 010 | _a 2011002024 | ||
| 016 | 7 |
_a101551557 _2DNLM |
|
| 016 | 7 |
_a015799054 _2Uk |
|
| 020 | _a9780470900598 (pbk. : alk. paper) | ||
| 020 | _a0470900598 (pbk. : alk. paper) | ||
| 035 | _a(OCoLC)ocn697768676 | ||
| 040 |
_aDNLM/DLC _cDLC _dYDX _dNLM _dYDXCP _dHVC _dUKMGB _dCDX _dDLC |
||
| 042 | _apcc | ||
| 050 | 0 | 0 |
_aQR389 _b.A24 2011 |
| 060 | 1 | 0 | _aQW 160 |
| 082 | 0 | 0 |
_a616.9101 _222 _bACH/F |
| 100 | 1 |
_aAcheson, N. H. _99294 |
|
| 245 | 1 | 0 |
_aFundamentals of molecular virology / _cNicholas H. Acheson. |
| 250 | _a2nd ed. | ||
| 260 |
_aHoboken, NJ : _bJohn Wiley & Sons, _cc2011. |
||
| 300 |
_axxv, 500 p. : _bill. (chiefly col.) ; _c28 cm. |
||
| 500 | _aIncludes indexes. | ||
| 650 | 0 | _aMolecular virology. | |
| 650 | 1 | 2 | _aViruses. |
| 650 | 2 | 2 | _aVirus Physiological Phenomena. |
| 650 | 2 | 2 |
_aViruses _xgenetics. |
| 906 |
_a7 _bcbc _corignew _d1 _eecip _f20 _gy-gencatlg |
||
| 942 |
_2ddc _cBK _h616.9101 _iACH/F _k616.9101 _mACH/F |
||